000 00299nam a2200121 a 4500
008 100910s1986|||| d
100 1 _aDumas ml., Alexandre
245 1 0 _aDáma s kaméliami
020 _c18
260 _bSlovenský spisovateľ
_aBratislava
_c1986
044 _axo
_cSK
041 _aslo
999 _c10254
_d10254